Statistics for Countries Starting With C

Click here to take the quiz!

General Stats

  • This quiz has been taken 55 times
    (53 since last reset)
  • The average score is 12 of 15

Answer Stats

ContinentAnswer% Correct
South AmericaColumbia
92%
North AmericaCanada
90%
South AmericaChile
90%
AfricaChad
88%
AsiaCambodia
86%
EuropeCroatia
84%
AfricaComoros
82%
North AmericaCosta Rica
82%
EuropeCzechia
82%
AfricaCameroon
80%
AfricaCentral African Republic
80%
AsiaChina
80%
EuropeCyprus
76%
AfricaCape Verde
67%
AfricaCôte d'Ivoire
47%

Score Distribution

Percentile by Number Answered

Percent of People with Each Score

Your Score History

You have not taken this quiz since the last reset